| 000 | 01227 a2200277 4500 | ||
|---|---|---|---|
| 001 | 23230 | ||
| 005 | 20260407155521.0 | ||
| 008 | 260407a1990 arg spa d | ||
| 003 | AR-UNSa-BCEJYS | ||
| 040 |
_aAR-UNSa-BCEJYS _bspa _cAR-UNSa-BCEJYS |
||
| 080 |
_a330 _xEconomía en general |
||
| 245 | 1 | 0 | _aEconomia |
| 020 | _a978-84-7615-510-3 | ||
| 250 | _a13a. ed. | ||
| 264 | 1 |
_aMéxico : _bMcGraw-Hill _c1990 |
|
| 300 |
_axliii, 1193 p. _c23 cm. |
||
| 505 | _aParte I: Conceptos basicos - Parte II: Conceptos fundamentales de macroeconomia - Parte III: La politica macroeconomica - Parte IV: Microeconomia: La oferta, la demanda y los mercados de productos - Parte V: Los salarios.los alquileres y los beneficios: la distribución de la renta - Parte VI: La eficiencia, la equidad y el estado - Parte VII: Crecimiento económico y comercio internacional. | ||
| 041 | _aspa | ||
| 942 | _cBK | ||
| 590 | _aniveau_biblio:m niveau_hierar:0 | ||
| 100 | 1 | _aSamuelson, Paul A. | |
| 700 | 1 | _aNordhaus, William D. | |
| 700 | 1 | _aRabasco, María Esther | |
| 700 | 1 | _aToharia Cortés, Luis | |
| 856 | 4 | 1 |
_uhttps://biblioeco.unsa.edu.ar/pmb/images/libros/Economia 13ed (samuelson-nordhaus).jpg.jpg _yImagen de portada _qimage/jpeg |
| 999 |
_c1097 _d1097 |
||